00549cam a22001571 4500020002200000040000800022082002600030100002800056245004600084260004200130300002500172500011300197650002100310700002500331710003500356 a0262200058 (v. 2) cNIC a621 PRE 1964 A055 Or.1 aThompson, Theos Jardin,14aThe technology of nuclear reactor safety. aCambridge,bM. I. T. Pressc[1964-73] a2 v.billus.c26 cm. aVol. 2 prepared under the auspices of the Division of Technical Information, U. S. Atomic Energy Commission. 0aNuclear reactors1 aBeckerley, James G.,2 aU.S. Atomic Energy Commission.